000 00707cam a22002413a 4500
001 360
003 PGUSA
005 20140828082947.0
008 951101s1995||||xxu|||||s|||||000 | eng d
040 _aPGUSA
_beng
042 _adc
050 4 _aHB
100 1 _aProudhon, P.-J.
_q(Pierre-Joseph),
_d1809-1865
245 1 0 _aWhat is Property? An Inquiry into the Principle of Right and of Government
_h[electronic resource] /
_cP.-J. Proudhon
260 _bProject Gutenberg,
_c1995
506 _aPublic domain in the USA.
516 _aElectronic text
653 _aProperty
653 _aEconomics
830 0 _aProject Gutenberg
_v360
856 4 0 _uhttp://www.gutenberg.org/ebooks/360
942 _cEB
999 _c229711
_d229711